| 000 | 01061cam a2200289 a 4500 | ||
|---|---|---|---|
| 999 |
_c126956 _d126956 |
||
| 001 | 4686749 | ||
| 005 | 20170918094446.0 | ||
| 008 | 811105s1981 enka b 000 0 eng | ||
| 010 | _a 81166182 | ||
| 015 | _aGB*** | ||
| 020 |
_a0140058419 (pbk.) : _c£2.50 ($4.95 U.S.) |
||
| 040 |
_aDLC _cDLC _dDLC |
||
| 043 | _ae-uk-en | ||
| 050 | 0 | 0 |
_aDA690.M97 _bG68 1981 |
| 082 | 0 | 0 |
_a942.4/5 _219 |
| 100 | 1 |
_aGough, Richard, _d1634-1723. _935746 |
|
| 245 | 1 | 4 |
_aThe history of Myddle / _cRichard Gough ; edited with an introduction and notes by David Hey. |
| 260 |
_aHarmondsworth, Middlesex ; _aNew York : _bPenguin, _c1981. |
||
| 300 |
_a334 p. : _bill. ; _c20 cm. |
||
| 500 | _aReproduces the 1875 ed., preserving the original spelling and archaic words. | ||
| 504 | _aIncludes bibliographical references. | ||
| 651 | 0 |
_aMyddle (England) _xHistory. _935747 |
|
| 651 | 0 |
_aMyddle (England) _xSocial life and customs. _935748 |
|
| 700 | 1 |
_aHey, David. _935749 |
|
| 906 |
_a7 _bcbc _corignew _d3 _encip _f19 _gy-gencatlg |
||
| 942 |
_2lcc _cMONOGRAPH |
||